LIBRARY & INFORMATION CENTRE, KCAET, TAVANUR

ONLINE PUBLIC ACCESS CATALOGUE (OPAC)

Text book of irrigation / (Record no. 9668)

MARC details
000 -LEADER
fixed length control field 00330cam a2200145ua 4500
041 ## - LANGUAGE CODE
Language code of text/sound track or separate title eng
082 ## - DEWEY DECIMAL CLASSIFICATION NUMBER
Classification number 631.587
Item number SHA/TE
100 ## - MAIN ENTRY--AUTHOR NAME
Personal name Shahane, .
245 ## - TITLE STATEMENT
Title Text book of irrigation /
300 ## - PHYSICAL DESCRIPTION
Number of Pages 632 ; .
700 1# - ADDED ENTRY--PERSONAL NAME
Personal name Rajam, Ayyangar .
942 ## - ADDED ENTRY ELEMENTS (KOHA)
Koha item type Books
Holdings
Withdrawn status Lost status Damaged status Home library Current library Date acquired Full call number Accession Number Koha item type
      KAUAET KAUAET 07/04/2012 631.587 3057 Books
free website counter